|
|
|
|
| LEADER |
00723nab a2200193 i 4500 |
| 001 |
acta28714 |
| 005 |
20210222085156.0 |
| 008 |
161017s2005 hu o 0|| hun d |
| 022 |
|
|
|a 1219-0608
|
| 040 |
|
|
|a SZTE Egyetemi Kiadványok Repozitórium
|b hun
|
| 041 |
|
|
|a hun
|
| 100 |
1 |
|
|a Imre Rubenné
|
| 245 |
1 |
2 |
|a A népnyelv elemei Csibe nyelvhasználatában
|h [elektronikus dokumentum] :
|b Móricz Zsigmond : Csibe novellák /
|c Imre Rubenné
|
| 260 |
|
|
|c 2005
|
| 300 |
|
|
|a 109-114
|
| 490 |
0 |
|
|a Módszertani közlemények
|v 45 No. 3
|
| 695 |
|
|
|a Móricz Zsigmond, Nyelvtudomány, Irodalomelmélet
|
| 700 |
0 |
1 |
|a Móricz Zsigmond
|e aut
|
| 856 |
4 |
0 |
|u http://acta.bibl.u-szeged.hu/28714/1/modszertani_045_003_109-114.pdf
|z Dokumentum-elérés
|